The Economics of Corporate Trade Credit in Europe (Record no. 20699)

MARC details
000 -LEADER
fixed length control field 00493nam a2200109Ia 4500
008 - FIXED-LENGTH DATA ELEMENTS--GENERAL INFORMATION
fixed length control field 220616s9999||||xx |||||||||||||| ||und||
100 ## - MAIN ENTRY--PERSONAL NAME
Personal name Koralun-Bereźnicka, Julia||Szramowski, Dawid
245 #4 - TITLE STATEMENT
Title The Economics of Corporate Trade Credit in Europe
546 ## - LANGUAGE NOTE
Language note English[eng]
650 ## - SUBJECT ADDED ENTRY--TOPICAL TERM
Topical term or geographic name entry element cluster analysis; country and firm size effect;financial crisis; industry; payables management; receivables management; short-term finance;Trade credit; trade credit balance; working capital
942 ## - ADDED ENTRY ELEMENTS (KOHA)
Koha item type E-Books
Holdings
Withdrawn status Lost status Damaged status Not for loan Home library Current library Date acquired Total Checkouts Date last seen Price effective from Koha item type
        Kerala University of Digital Sciences, Innovation and Technology Knowledge Centre Kerala University of Digital Sciences, Innovation and Technology Knowledge Centre 16/06/2022   16/06/2022 16/06/2022 E-Books